000 02916cam a22011534i 4500
003 PE-LiUPU
005 20250813185430.0
008 140701 2012 pe a g 1 spa d
020 _a978612000495
035 _a(Sirsi) a252213
040 _aPE-LiUPU
_bspa
_cPE-LiUPU
_erda
082 0 4 _a373.07
_bN94
_220
100 1 _aNúñez, Emil,
_eautor.
245 1 0 _aEscuela de arte :
_bmétodos para ser originales /
_cEmil Núñez.
264 1 _aLima :
_bÁngeles,
_c2012.
300 _a49 páginas :
_bilustraciones ;
_c21 centímetros
336 _atext
_btxt
_2rdacontent
337 _aunmediated
_bn
_2rdamedia
338 _avolume
_bnc
_2rdacarrier
505 0 _aLa escuela de artes I -- La escuela de artes II -- Métodos para ser originales parte I -- Métodos para ser originales parte II -- Primeros intentos para liberar al planeta cubo -- La junta de la escuela de artes -- De planeta cubo a planeta papel -- Agujero negro de Heidegger-Engels -- Principios para liberar al planeta cubo -- El camino verdadero al planeta esfera..
526 _aP202
526 _aP201
526 _aP163
526 _aP162
526 _aP161
526 _aP160
526 _aP148
526 _aP147
526 _aP146
526 _aP145
526 _aP144
526 _aP143
526 _aP142
526 _aP141
526 _aP140
526 _aP139
526 _aP138
526 _aP137
526 _aP136
526 _aP135
526 _aP134
526 _aP133
526 _aP129
526 _aP128
526 _aP127
526 _aP120
526 _aP119
526 _aP118
526 _aP116
526 _aP115
526 _aP114
526 _aP110
526 _aP109
526 _aP108
526 _aP104
526 _aP103
526 _aP102
526 _aP99
526 _aP98
526 _aP97
526 _aP96
526 _aP95
526 _aP93
526 _aP90
526 _aP89
526 _aP88
526 _aP83
526 _aP82
526 _aP62
526 _aP59
526 _aP58
526 _aP57
526 _aP51
526 _aP49
526 _aP48
526 _aP47
526 _aP29
526 _aP24
526 _aP20
526 _aP19
526 _aP17
526 _aP15
526 _aP14
526 _aP12
526 _aP10
526 _aP09
526 _aP08
526 _aP07
526 _aP06
526 _aP05
526 _aP04
526 _aP01
650 1 4 _aEducación
_xMetodología
_95208
910 _adbm
_bsag
_csag
_d20190521
596 _a1
942 _2ddc
_cBOOK
999 _a373.07 N94
_wLC
_c31460
_i66473
_f2021-11-8
_g3
_lCCODEBUL1
_mBUL
_p3.00
_r0
_sY
_tBOOK
_u2019-5-21
_xEDUCACION
_zUNKNOWN
_0DONACION
_o.STAFF. Colección Ciencias de la Salud
_d31460
980 _81
_gALBERTO SANCHEZ Responsable de Automatización